Filosofía, educación y tradiciones culturales /
Сохранить в:
| Главный автор: | |
|---|---|
| Формат: | |
| Язык: | испанский |
| Опубликовано: |
Morelia, México :
Morevallado,
2002, c2002
|
| Серии: | (Sociología ;
32) |
| Предметы: | |
| Метки: |
Нет меток, Требуется 1-ая метка записи!
|
MARC
| LEADER | 00000nam^a2200000^a^4500 | ||
|---|---|---|---|
| 001 | 000174020 | ||
| 005 | 20250521000000.0 | ||
| 009 | 20260310101515.194 | ||
| 020 | |a 970-703-066-6 | ||
| 037 | |a Acervo ITESO - Biblioteca | ||
| 041 | |a ESP | ||
| 082 | |a 370. 972 |b TOR | ||
| 100 | |a Torres López, Mario |e (autor) | ||
| 245 | 1 | 0 | |a Filosofía, educación y tradiciones culturales / |c M. Torres López. |
| 264 | 4 | |a Morelia, México : |b Morevallado, |c 2002, c2002 | |
| 300 | |a 131 p. | ||
| 336 | |a texto |b txt |2 rdacontenido | ||
| 337 | |a sin mediación |b n |2 rdamedio | ||
| 338 | |a volumen |b nc |2 rdasoporte | ||
| 440 | 1 | |a (Sociología ; |v 32) | |
| 649 | |a XX | ||
| 650 | |a Comunicación Educativa | ||
| 650 | |a Globalización | ||
| 650 | |a Identidad Cultural | ||
| 650 | |a Cultura Popular | ||
| 650 | |a Sociología de la Cultura | ||
| 650 | |a Sociología de la Educación | ||
| 650 | |a Sociología | ||
| 650 | |a Axiología de la Educación | ||
| 650 | |a Filosofía de la Educación | ||
| 650 | |a Educación - |z México | ||
| 910 | |a Fondo General | ||
| 920 | |a Impresos - Libros | ||
| 930 | |a Colección General | ||
| 905 | |a 101 | ||
| 901 | |a 0500111836 |b IT1 |c ACC |u 20250521 | ||
| 902 | |a https://opac.biblio.iteso.mx/vufind/Record/000174020 | ||